| 000 | 01053nam a2200289 i 4500 | ||
|---|---|---|---|
| 001 | 184968 | ||
| 003 | ES-MaACL | ||
| 005 | 20250814061401.0 | ||
| 008 | 160229s2001 mx af |||| |dspa d | ||
| 020 | _a968-16-6342-X | ||
| 080 | _a52(091) | ||
| 080 | _a113/119(091) | ||
| 100 | 1 |
_aNorth, John ( _d1934-2008) _9158894 |
|
| 245 | 1 | 0 |
_aHistoria Fontana de la astronomía y la cosmología / _cJohn D. North ; [traducción de Esteban Torres]. |
| 250 | _a1ª ed. en español. | ||
| 260 |
_aMéxico, D.F. : _bFondo de Cultura Económica, _c2001. |
||
| 300 |
_aXVII, 532 p., [8] p. de lám. : _bil. ; _c23 cm. |
||
| 490 | 1 | _aSección de obras de ciencia y tecnología | |
| 500 | _aÍndice analítico. | ||
| 504 | _aBibliografía: p. 474-499. | ||
| 650 |
_aAstronomía- _vHistoria. _910388 |
||
| 650 | 0 | 4 |
_aCosmología- _vHistoria. _911390 |
| 650 | 0 | 7 |
_aCosmogonía _2embne _911387 |
| 830 | 0 | 0 |
_aSección de obras de ciencia y tecnología _9180024 |
| 852 |
_aES-MaACL _jL-30231 _z. - Donat. Miguel A. Velasco |
||
| 999 |
_c184968 _d184968 |
||